[One Piece] Fruits du démon aléatoire en images (MAJ Chapitre 1175) - Statistiques

Statistiques générales
  • Ce quiz a été pris 611 fois
    25 depuis la dernière actualisation
  • Le résultat moyen est 5 sur 10
Statistiques - réponses
Par images Réponse % Correct
Baku Baku no Mi
100%
Bara Bara no Mi
100%
Buki Buki no Mi
100%
Choki Choki no Mi
100%
Doru Doru no Mi
100%
Fuku Fuku no Mi
100%
Gasu Gasu no Mi
100%
Gomu Gomu no Mi
100%
Goro Goro no Mi
100%
Guru Guru no Mi
100%
Hana Hana no Mi
100%
Hebi Hebi no Mi modèle Anaconda
100%
Hira Hira no Mi
100%
Hito Hito no Mi
100%
Horu Horu no Mi
100%
Inu Inu no Mi modèle Chacal
100%
Ito Ito no Mi
100%
Juku Juku no Mi
100%
Kame Kame no Mi
100%
Kibi Kibi no Mi
100%
Magu Magu no Mi
100%
Maki Maki no Mi
100%
Mero Mero no Mi
100%
Mira Mira no Mi
100%
Mogu Mogu no Mi
100%
Moku Moku no Mi
100%
Mori Mori no Mi
100%
Neko Neko no Mi modèle Léopard
100%
Netsu Netsu no Mi
100%
Nui Nui no Mi
100%
Ope Ope no Mi
100%
Riki Riki no Mi
100%
Ryu Ryu no Mi modèle Brachiosaure
100%
Shiku Shiku no Mi
100%
Soru Soru no Mi
100%
Sube Sube no Mi
100%
Suke Suke no Mi
100%
Suke Suke no Mi
100%
Suna Suna no Mi
100%
Supa Supa no Mi
100%
Toki Toki no Mi
100%
Toshi Toshi no Mi
100%
Tsutsu Tsutsu no Mi
100%
Wara Wara no Mi
100%
Woshu Woshu no Mi
100%
Yami Yami no Mi
100%
Zo Zo no Mi modèle Mammouth
100%
Buku Buku no Mi
67%
Kage Kage no Mi
67%
Kilo Kilo no Mi
67%
Sui Sui no Mi
67%
Bisu Bisu no Mi
50%
Deka Deka no Mi
50%
Iku Iku no Mi
50%
Inu Inu no Mi modèle Loup
50%
Jiki Jiki no Mi
50%
Jiki Jiki no Mi
50%
Kuku Kuku no Mi
50%
Kuri Kuri no Mi
50%
Mane Mane no Mi
50%
Mane Mane no Mi
50%
Mero Mero no Mi
50%
Mochi Mochi no Mi
50%
Ryu Ryu no Mi modèle Allosaure
50%
Shima Shima no Mi
50%
Shiro Shiro no Mi
50%
Soru Soru no Mi
50%
Uma Uma no Mi
50%
Ushi Ushi no Mi modèle Bison
50%
Zushi Zushi no Mi
50%
Beta Beta no Mi
40%
Chiyu Chiyu no Mi
33%
Hebi Hebi no Mi modèle Cobra Royal
33%
Hito Hito no Mi modèle Daibutsu
33%
Hito Hito no Mi modèle Onyudo
33%
Mato Mato no Mi
33%
Toge Toge no Mi
33%
Zo Zo no Mi
33%
Memo Memo no Mi
20%
Aro Aro no Mi
0%
Ato Ato no Mi
0%
Awa Awa no Mi
0%
Bane Bane no Mi
0%
Bari Bari no Mi
0%
Bari Bari no Mi
0%
Bata Bata no Mi
0%
Bato Bato no Mi
0%
Beri Beri no Mi
0%
Bomu Bomu no Mi
0%
Bomu Bomu no Mi
0%
Doa Doa no Mi
0%
Doku Doku no Mi
0%
Fude Fude no Mi
0%
Fuwa Fuwa no Mi
0%
Gabu Gabu no Mi
0%
Giro Giro no Mi
0%
Gocha Gocha no Mi
0%
Gunyo Gunyo no Mi
0%
Gura Gura no Mi
0%
Hebi Hebi no Mi modèle Yamata no Orochi
0%
Hie Hie no Mi
0%
Hobi Hobi no Mi
0%
Horo Horo no Mi
0%
Horo Horo no Mi
0%
Hoya Hoya no Mi
0%
Iba Iba no Mi
0%
Inu Inu no Mi modèle Basset
0%
Inu Inu no Mi modèle Kyubi no Kitsune
0%
Inu Inu no Mi modèle Okuchi no Makami
0%
Inu Inu no Mi modèle Ryōken
0%
Inu Inu no Mi modèle Tanuki
0%
Ishi Ishi no Mi
0%
Jake Jake no Mi
0%
Kira Kira no Mi
0%
Kobu Kobu no Mi
0%
Kumo Kumo no mi modèle Rosamygale Grauvogeli
0%
Mera Mera no Mi
0%
Mera Mera no Mi
0%
Muchi Muchi no Mi
0%
Mushi Mushi no Mi modèle Guêpe
0%
Mushi Mushi no Mi modèle Scarabé Rhinocéros
0%
Nagi Nagi no Mi
0%
Neko Neko no Mi modèle Tigre à dents de sabre
0%
Nikyu Nikyu no Mi
0%
Nikyu Nikyu no Mi
0%
Nomi Nomi no Mi
0%
Nori Nori no Mi
0%
Noro Noro no Mi
0%
Numa Numa no Mi
0%
Ori Ori no Mi
0%
Oshi Oshi no Mi
0%
Oto Oto no Mi
0%
Pamu Pamu no Mi
0%
Pero Pero no Mi
0%
Pika Pika no Mi
0%
Poke Poke no Mi
0%
Rako Rako no Mi
0%
Ryu Ryu no Mi modèle Kirin
0%
Ryu Ryu no Mi modèle Nidhögg
0%
Ryu Ryu no Mi modèle Pachycéphalosaure
0%
Ryu Ryu no mi modèle Ptéranodon
0%
Ryu Ryu no Mi modèle Spinosaure
0%
Ryu Ryu no Mi modèle Tricératops
0%
Sabi Sabi no Mi
0%
Sara Sara no Mi modèle Axolotl
0%
Shari Shari no Mi
0%
Shibo Shibo no Mi
0%
Sui Sui no Mi
0%
Supa Supa No Mi
0%
Susu Susu no Mi
0%
Tama Tama no Mi
0%
Ton Ton no Mi
0%
Tori Tori no Mi modèle Albatros
0%
Tori Tori no Mi modèle Faucon
0%
Tori Tori no Mi modèle Phénix
0%
Uma Uma no Mi modèle Pégase
0%
Uo Uo no Mi modèle Seiryu
0%
Ushi Ushi no Mi modèle Girafe
0%
Wapu Wapu no Mi
0%
Yomi Yomi no Mi
0%
Yuki Yuki no Mi
0%
Aucun quiz correspondant
Distribution des résultats
% des personnes avec chaque résultat
Percentile par nombre de réponses
Votre historique - résultats
Vous n’avez pas pris ce quiz depuis la dernière actualisation